Mô hình hoá và tối ưu hoá quá trình xử lý nước thải nhà máy bia bằng phương pháp keo tụ

Tổng quan lý thuyết. Khảo sát hiện trạng xử lý nước thải của công ty bia Quảng Nam. Lựa chọn công nghệ và nội dung nghiên cứu. Thực nghiệm và thảo luận kết quả .

Đã lưu trong:
Chi tiết về thư mục
Tác giả chính: Đoàn Văn Miên
Tác giả khác: Trần Văn Thắng PGS.TS (Hướng dân)
Định dạng: Sách
Ngôn ngữ:Vietnamese
Được phát hành: Đà Nẵng Đại học Đà Nẵng 2010
Những chủ đề:
Các nhãn: Thêm thẻ
Không có thẻ, Là người đầu tiên thẻ bản ghi này!
Thư viện lưu trữ: Mạng thư viện Đại học Đà Nẵng
LEADER 01567nam a2200361 4500
001 000010446
003 6651
005 20111214081243.0
008 111214s2010 viesd
041 |a vie 
072 |a Luận văn Thạc sĩ Khoa học 
082 |a 628.162  |b ĐO-M 
100 |a Đoàn Văn Miên 
245 |a Mô hình hoá và tối ưu hoá quá trình xử lý nước thải nhà máy bia bằng phương pháp keo tụ  |c Đoàn Văn Miên 
260 |a Đà Nẵng  |b Đại học Đà Nẵng  |c 2010 
300 |a 95 tr.  |c 29 cm  |e Tóm tắt 
500 |a Luận văn Thạc sĩ. Chuyên ngành: Hóa hữu cơ. Mã số: 60.44.27 
520 |a Tổng quan lý thuyết. Khảo sát hiện trạng xử lý nước thải của công ty bia Quảng Nam. Lựa chọn công nghệ và nội dung nghiên cứu. Thực nghiệm và thảo luận kết quả . 
653 |a Xử lý nước thải 
653 |a Hóa hữu cơ 
653 |a Luận văn Thạc sĩ Hóa hữu cơ 
653 |a Hóa học 
700 |a Trần Văn Thắng  |c PGS.TS  |e Hướng dân 
OWN |a LSP 
AVA |a UDN50  |b LSP  |d 628.162 ĐO-M  |e available  |t Error 5001 Not defined in file expand_doc_bib_avail.  |f 1  |g 0  |h N  |i 0  |k 1 
999 |a From the UDN01 
AVA |a UDN50  |b LSP  |d 628.162 ĐO-M  |e available  |t Error 5001 Not defined in file expand_doc_bib_avail.  |f 1  |g 0  |h N  |i 0  |k 1 
TYP |a Monograph 
TYP |a Printed language 
980 |a Mạng thư viện Đại học Đà Nẵng